000 00851nas a2200289 4500
001 BR8902769
003 BR-BrBNA
005 20231205091559.0
007 ta
008 230509b bl.|||p| |||| 00| 00por d
040 _aBR-BrBNA
_bpor
_cBiblioteca Nacional de Agricultura
041 _a(Pt)
072 _aH50; P33
100 1 _aPavan, M.A.
100 1 _aSiqueira, R.
100 1 _aFaria, R.T. de
100 1 _aMachado, P.L.O. de A.
100 1 _aMiyazawa, M.
245 1 _aInfluencia da umidade do solo no diagnostico da deficiencia de zinco em cafeeiro
650 _aCAFE
650 _aDEFICIENCIA MINERAL
650 _aUMIDADE DO SOLO
650 _aZINCO
773 0 _tCiencia e Cultura (Brazil)
_xISSN 0009-6725
_g(Oct 1986), v. 38(10) p. 1695-1699
_wBR8902769
909 _a202311
_bLúcia
_c55
_dLúcia Elande
942 _2AGRIS
_n0
_cANA
999 _c125994
_d125994